00846nam a2200229 a 450000100100000000500170001000800410002702000150006804000250008308200150010810000410012324500610016426000750022530000200030050000380032050000630035865000250042165000310044604900090047795201130048699900170059900002023720240412074249.0100730s2005 dr 000 0 spa d a994585125X aDO-SdBNPbspacBNPHU a8XXbT654c1 aTolstoi, León,d(1828-1910)94278610a¿Cuánta tierra necesita el hombre? /cLeón Tolstoi. aSanto Domingo :bEdiciones DbUniversidad Nacional de México,c2005. a68 p. ;c17 cm. aIncluye notas al pie de páginas aIncluye datos biográficos del autor en la contracubierta 4aCuentos rusos942846 0aLiteratura dominicana.967 aBNPD 0010718PDaPDbPDcCTd2010-07-30iLF1l0o8XX T654cp20237-10r2020-06-25w2020-06-25yLFPDZNo se presta c19742d19742